| 000 | 00405nam a2200133Ia 4500 | ||
|---|---|---|---|
| 008 | 231017s9999 xx 000 0 und d | ||
| 082 | _a625.8528 | ||
| 082 | _bASP | ||
| 245 | 0 | _aPaver Concrete Distress Manual: Pavement Distress Identification Guide for Jointed Concrete Roads and Parking Lots | |
| 245 | 0 | _cUS Army Corps of Engrs | |
| 260 | _bUS Army Corps of Engrs | ||
| 300 | _c30cm | ||
| 942 | _cREP | ||
| 999 |
_c604523 _d604523 |
||